| 000 | 00320 a2200097 4500 | ||
|---|---|---|---|
| 001 | 78021 | ||
| 082 | _a970.01519 CHR | ||
| 100 | _aChriso, peter | ||
| 245 | _aChristopher Columbus ; explorer of the new world; be an eyewirness to.... columbus thrilling voyages of exploration | ||
| 260 |
_aNY _bDorlng Kindersley _c2001 |
||
| 942 |
_aNUST-CAE _k970.01519 CHR |
||
| 999 |
_c313094 _d313094 |
||